How great generals win / (Record no. 185126)

000 -LEADER
fixed length control field 00939 a2200229 4500
003 - CONTROL NUMBER IDENTIFIER
control field Nust
005 - DATE AND TIME OF LATEST TRANSACTION
control field 20221223173052.0
010 ## - LIBRARY OF CONGRESS CONTROL NUMBER
LC control number 92040518
020 ## - INTERNATIONAL STANDARD BOOK NUMBER
International Standard Book Number 039303531X :
040 ## - CATALOGING SOURCE
Transcribing agency Nust
082 00 - DEWEY DECIMAL CLASSIFICATION NUMBER
Classification number 355.009,ALE
100 1# - MAIN ENTRY--PERSONAL NAME
Personal name Alexander, Bevin.
9 (RLIN) 48682
245 10 - TITLE STATEMENT
Title How great generals win /
Statement of responsibility, etc. Bevin Alexander.
250 ## - EDITION STATEMENT
Edition statement 1st ed.
260 ## - PUBLICATION, DISTRIBUTION, ETC.
Place of publication, distribution, etc. New York :
Name of publisher, distributor, etc. Norton,
Date of publication, distribution, etc. c1993.
300 ## - PHYSICAL DESCRIPTION
Extent 320 p. :
Other physical details ill., maps ;
Dimensions 22 cm.
505 ## - FORMATTED CONTENTS NOTE
Formatted contents note The General Who beat Hannibal (Page-19), Mongol Secrets (Page-67), Napoleon and Wars of Annihilation (Page-95), Stonewall Jackson (Page-123), Sherman The general who won civil War (Page-143), Palestine 1918 (Page-168), Mao Zedong (Page-187), France 1940 Victory by Surprise (Page-209), MacArthur (Page-276), The Enduring Unity of War (Page-299).
650 #0 - SUBJECT ADDED ENTRY--TOPICAL TERM
Topical term or geographic name entry element Battles.
9 (RLIN) 48667
650 #0 - SUBJECT ADDED ENTRY--TOPICAL TERM
Topical term or geographic name entry element Generals.
9 (RLIN) 37930
650 #0 - SUBJECT ADDED ENTRY--TOPICAL TERM
Topical term or geographic name entry element Military art and science
General subdivision History.
942 ## - ADDED ENTRY ELEMENTS (KOHA)
Source of classification or shelving scheme
Koha item type Book
Call number prefix 355.009,ALE
Holdings
Withdrawn status Lost status Source of classification or shelving scheme Damaged status Not for loan Permanent Location Current Location Shelving location Date acquired Full call number Barcode Date last seen Price effective from Koha item type Public note
          Military College of Signals (MCS) Military College of Signals (MCS) General Stacks 12/12/2016 355.009,ALE MCS26450 12/08/2016 12/12/2016 Book Almirah No.51, Shelf No.2
© 2023 Central Library, National University of Sciences and Technology. All Rights Reserved.